Introduction to game theory /

Guardado en:
Autor Principal: Morris, Peter, 1940-
Formato: Libro
Idioma:English
Publicado: New York : Springer, c1994.
Series:Universitext
Materias:
Etiquetas: Agregar Etiqueta
Sin Etiquetas, Sea el primero en etiquetar este registro!
LEADER 00875pam a2200229 a 4500
001 MAT.inmabb003585
008 940302s1994####nyua#####b####001#0#eng##
005 20130313154143.0
245 1 0 |a Introduction to game theory /  |c Peter Morris. 
260 |a New York :  |b Springer,  |c c1994. 
300 |a xvi, 230 p. :  |b il. ;  |c 24 cm. 
440 0 |a Universitext 
504 |a Incluye referencias bibliográficas (p. [223]-225) e índice. 
505 0 |a 1. Games in extensive form -- 2. Two-person zero-sum games -- 3. Linear programming -- 4. Solving matrix games -- 5. Non-zero-sum games -- 6. N-person cooperative games -- 7. Game-playing programs. 
510 4 |a MR,  |c 95k:90001 
020 |a 038794284X 
100 1 |a Morris, Peter,  |d 1940- 
650 0 |a Game theory. 
084 |a 91-01  |2 msc2000 
010 |a  94006515  
040 |a DLC  |c DLC  |d DLC 
859 |h 91  |i M875  |p A-7615  |b BIB. MATEMATICA